Central Library OPAC University of Rajshahi

The Rubaiyyat of Omar Khayaam : (Record no. 65302)

MARC details
000 -LEADER
fixed length control field 00857nam a2200265 a 4500
001 - CONTROL NUMBER
control field 65302
003 - CONTROL NUMBER IDENTIFIER
rucl marc code BD-RjUL
005 - DATE AND TIME OF LATEST TRANSACTION
control field 20211209081416.0
008 - FIXED-LENGTH DATA ELEMENTS--GENERAL INFORMATION
fixed length control field 170304s1967 enk 000 0 eng
020 ## - INTERNATIONAL STANDARD BOOK NUMBER
International Standard Book Number 0304927066
035 ## - SYSTEM CONTROL NUMBER
System control number (BD-RjUL)65432
040 ## - CATALOGING SOURCE
Original cataloging agency DLC
Transcribing agency FMFIU
Modifying agency BD-RjUL
Language of cataloging eng
041 1# - LANGUAGE CODE
Language code of text/sound track or separate title engper
082 ## - DEWEY DECIMAL CLASSIFICATION NUMBER
Edition number 23
Classification number 891.5511
Author mark and year OMR 1967
100 0# - MAIN ENTRY--PERSONAL NAME
Personal name Omar Khayyam.
9 (RLIN) 193281
245 14 - TITLE STATEMENT
Title The Rubaiyyat of Omar Khayaam :
Remainder of title a new translation with critical commentaries by Robert Graves and Omar Ali-Shah /
Statement of responsibility, etc. Robert Graves and Omar Ali-Shah.
260 ## - PUBLICATION, DISTRIBUTION, ETC. (IMPRINT)
Place of publication, distribution, etc. London :
Name of publisher, distributor, etc. Cassell
Date of publication, distribution, etc. 1967.
300 ## - PHYSICAL DESCRIPTION
Pagination 86 p. ;
Size 23 cm.
504 ## - BIBLIOGRAPHY, ETC. NOTE
Bibliography, etc Includes bibliography
600 ## - SUBJECT ADDED ENTRY--PERSONAL NAME
Personal name Omar Khayyam
700 1# - ADDED ENTRY--PERSONAL NAME
Personal name Graves, Robert,
Dates associated with a name 1895-1985,
Relator term ed. and tr.
Personal name Ali-Shah, Omar,
Relator term ed. and tr.
942 ## - ADDED ENTRY ELEMENTS (KOHA)
Source of classification or shelving scheme Dewey Decimal Classification
Koha item type Books
Holdings
Lost status Source of classification or shelving scheme Damaged status Not for loan Collection code Permanent Location Current Location Shelving location Date acquired Source of acquisition Cost, normal purchase price Total Checkouts Full call number Date last seen Copy number Koha item type
  Dewey Decimal Classification   Not For Loan Non-fiction Central Library, University of Rajshahi Central Library, University of Rajshahi Reading Room 23/08/1973 Nowroze Kitabstore 23.10   891.5511 OMR 1967 04/03/2017 C-1 Books